ボカロ曲名当てクイズ - Statistics

General Stats
  • This quiz has been taken 219 times
  • The average score is 2 of 15
Answer Stats
イントロ サビ 投稿チャンネル 曲名 % Correct
私いま ぶたさんだ 私いま ぶたさんだ yukopi ブタサンダー
79%
小さな箱の電源をオンして ポケットの中のモンスター ピノキオピー ポケットのモンスター
47%
ねぇねぇ神様聞いてくれ ただ夜の奥鼓動の音 寂しさ2人で分け合った MIMI はぐ
44%
未来を操縦できるのは世界中でたった一人だ 誰にも邪魔されないような halyosy アイムマイン
23%
道徳 ドンと得 コケたりしたいな 天国だって終いだい! 原口沙輔 ホントノ
20%
これは願いだ 何が正解か僕は僕の選ぶ世界に大好きと叫んでいたい doriko purpose
10%
飲み込んで 今 飲み込んで もっと もっと 丁寧に食べたかったけど 稲葉曇 余裕欲
7%
僕が君を守る! 僕がキミを守る! 例えば太陽が腐って世界に青が無くなっても Chinozo メテオラ
6%
母に血を落とし我が身は Salutis supplicium wotaku サクラメント
4%
知らないないない生き方ひとつ 今日がどうして寂しいままで MIMI 心を刺す言葉だけ
3%
もう居場所がないとか簡単に言える ショーケースの内側で 淀んだ空気を吸って吐くだけで良いと 花束 さよならは言わない方が
1%
あの日々はとうに過ぎ去って手に残った僅かなピースを持って 空に憧れた日々を思い出しただ笑って日を過ごす Cielo 深朝
1%
こんな場所から愛を歌ったって 最低な君に恋した僕は僕は何処へ行こうか shino ライラ
1%
〇〇 「ありがとう」と言って キミはいなくなった 〇〇 「ありがとう」と言って キミはいなくなった DA兎 神様なんていないって知ったあの日
0%
切って貼って過ぎ去っていく日々を 閉ざされた世界の征く先へ 乃楠依生 ファントム
0%
No matching quizzes found
Score Distribution
Percent of People with Each Score
Percentile by Number Answered
Your Score History
You have not taken this quiz